00638nam a2200193 i 4500001000700000003000900007005001700016007000300033008004100036080002300077100002600100245005900126260004500185300002600230700002500256852002200281999001900303952012200322135366ES-MaACL20230906194851.0t|070717s1923 xxu |||| | eng d a821.111(73)-31"19"1 aToomer, Jean.911059010aCane / cJean Toomer ; with a foreword by Waldo Frank. aNew York : bBoni and Liveright, c1923. aXI, 239 p. ; c20 cm.1 aFrank, Waldo.952316 aES-MaACLjC-25569 c135366d135366 00104070aATENEOMbATENEOMcDEPO2d2008-01-17eSCl0oC-25569p1140892r2023-02-23 00:00:00w2023-02-23yMONOGRAFIA